|
|
|
|
| LEADER |
02057nam a2200481 i 4500 |
| 001 |
EBC1638488 |
| 003 |
MiAaPQ |
| 005 |
20200520144314.0 |
| 006 |
m o d | |
| 007 |
cr cnu|||||||| |
| 008 |
140324t20142014njua ob 001 0 eng d |
| 020 |
|
|
|z 9781118492970
|
| 020 |
|
|
|a 9781118746851
|q (electronic bk.)
|
| 020 |
|
|
|a 9781118746868
|q (electronic bk.)
|
| 035 |
|
|
|a (MiAaPQ)EBC1638488
|
| 035 |
|
|
|a (Au-PeEL)EBL1638488
|
| 035 |
|
|
|a (CaPaEBR)ebr10843874
|
| 035 |
|
|
|a (CaONFJC)MIL578557
|
| 035 |
|
|
|a (OCoLC)871224312
|
| 040 |
|
|
|a MiAaPQ
|b eng
|e rda
|e pn
|c MiAaPQ
|d MiAaPQ
|
| 050 |
|
4 |
|a HG177
|b .D747 2014
|
| 082 |
0 |
|
|a 658.1522402854678
|2 23
|
| 100 |
1 |
|
|a Dresner, Steven,
|e author.
|
| 245 |
1 |
0 |
|a Crowdfunding :
|b a guide to raising capital on the internet /
|c Steven Dresner ; cover design, C. Wallace.
|
| 264 |
|
1 |
|a Hoboken, New Jersey :
|b Wiley,
|c 2014.
|
| 264 |
|
4 |
|c 2014
|
| 300 |
|
|
|a 1 online resource (268 pages) :
|b illustrations.
|
| 336 |
|
|
|a text
|2 rdacontent
|
| 337 |
|
|
|a computer
|2 rdamedia
|
| 338 |
|
|
|a online resource
|2 rdacarrier
|
| 490 |
1 |
|
|a Bloomberg Financial Series
|
| 504 |
|
|
|a Includes bibliographical references at the end of each chapters and index.
|
| 588 |
|
|
|a Description based on online resource; title from PDF title page (ebrary, viewed March 24, 2014).
|
| 590 |
|
|
|a Electronic reproduction. Ann Arbor, MI : ProQuest, 2015. Available via World Wide Web. Access may be limited to ProQuest affiliated libraries.
|
| 650 |
|
0 |
|a Electronic fund raising.
|
| 650 |
|
0 |
|a Small business
|x Finance.
|
| 650 |
|
0 |
|a New business enterprises
|x Finance.
|
| 655 |
|
4 |
|a Electronic books.
|
| 700 |
1 |
|
|a Wallace, C.,
|e cover designer.
|
| 776 |
0 |
8 |
|i Print version:
|a Dresner, Steven.
|t Crowdfunding : a guide to raising capital on the internet.
|d Hoboken, New Jersey : Wiley, c2014
|h xiv, 251 pages
|k Bloomberg financial series.
|z 9781118492970
|
| 797 |
2 |
|
|a ProQuest (Firm)
|
| 830 |
|
0 |
|a Bloomberg financial series.
|
| 856 |
4 |
0 |
|u https://ebookcentral.proquest.com/lib/matrademy/detail.action?docID=1638488
|z Click to View
|